[Event "MCR senioru 2018 nad 60 let"]
[Site "Pelclovo divadlo Rychnov nad K"]
[Date "2018.08.05"]
[Round "9"]
[White "Horak, Vladimir"]
[Black "Gibiec, Ernest"]
[Result "1/2-1/2"]
[WhiteElo "1958"]
[BlackElo "2175"]
[PlyCount "83"]
[EventDate "2018.07.28"]

1. e4 d6 2. d4 Nf6 3. Nc3 g6 4. Be3 Bg7 5. Qd2 c6 6. Bh6 Bxh6 7. Qxh6 Qa5 8.
O-O-O c5 9. Bb5+ Bd7 10. Bxd7+ Nbxd7 11. Qe3 O-O-O 12. f4 Nb6 13. Qd3 cxd4 14.
Qxd4 e5 15. Qd3 d5 16. fxe5 Nxe4 17. Qb5 Qxb5 18. Nxb5 Nc4 19. Nh3 a6 20. Nd6+
Ncxd6 21. exd6 Rxd6 22. Rd4 Rhd8 23. Rhd1 g5 24. Ng1 Kd7 25. Rxd5 Ke6 26. Rxd6+
Rxd6 27. Rxd6+ Kxd6 28. Kd1 Ke5 29. Ke2 f5 30. Nf3+ Kf4 31. Ne1 g4 32. Nd3+ Kg5
33. a4 f4 34. a5 h5 35. b4 Kf5 36. c4 h4 37. b5 axb5 38. cxb5 Nc3+ 39. Kf2 Nxb5
40. Nc5 Nd6 41. Nxb7 Nb5 42. a6 1/2-1/2

[Event "MCR senioru 2018 nad 60 let"]
[Site "Pelclovo divadlo Rychnov nad K"]
[Date "2018.08.05"]
[Round "9"]
[White "Vlachopulos, Georgis"]
[Black "Mlynek, Petr"]
[Result "0-1"]
[WhiteElo "1856"]
[BlackElo "2120"]
[PlyCount "88"]
[EventDate "2018.07.28"]

1. e4 c6 2. Nf3 d5 3. Nc3 Bg4 4. h3 Bxf3 5. Qxf3 Nf6 6. exd5 cxd5 7. Bb5+ Nc6
8. d4 e6 9. O-O Qb6 10. Re1 Bb4 11. Bg5 Bxc3 12. Bxc6+ Qxc6 13. bxc3 Ne4 14.
Be3 Qxc3 15. Qg4 g5 16. Rab1 O-O-O 17. Qe2 h6 18. Rb3 Qc4 19. Qd1 Rd7 20. f3
Nd6 21. Qa1 Rc7 22. c3 Qd3 23. Bf2 h5 24. Re3 Qa6 25. Bg3 Nf5 26. Bxc7 Nxe3 27.
Bg3 g4 28. Qe1 Nc4 29. fxg4 hxg4 30. Qf2 gxh3 31. Qxf7 Qc6 32. Rb5 b6 33. Qxa7
Rh5 34. Qa4 Kb7 35. Qb4 hxg2 36. Qe7+ Ka6 37. Rb3 e5 38. Kxg2 Qc8 39. Kg1 Qg4
40. Ra3+ Nxa3 41. Qxa3+ Kb5 42. c4+ dxc4 43. Qb2+ Kc6 44. d5+ Kb7 0-1

[Event "MCR senioru 2018 nad 60 let"]
[Site "Pelclovo divadlo Rychnov nad K"]
[Date "2018.08.05"]
[Round "9"]
[White "Pospisil, Evzen"]
[Black "Novotny, Jaroslav"]
[Result "1/2-1/2"]
[WhiteElo "2043"]
[BlackElo "1936"]
[PlyCount "35"]
[EventDate "2018.07.28"]

1. d4 Nf6 2. Nf3 d5 3. c4 dxc4 4. Qa4+ c6 5. Qxc4 Bf5 6. Nc3 e6 7. h3 Nbd7 8.
g4 Bg6 9. Bg2 Nd5 10. Nxd5 exd5 11. Qb3 Nb6 12. Ne5 Bd6 13. Bf4 Bxe5 14. Bxe5
O-O 15. O-O Re8 16. Rfe1 Qd7 17. Qc3 Nc4 18. Bf4 1/2-1/2

[Event "MCR senioru 2018 nad 60 let"]
[Site "Pelclovo divadlo Rychnov nad K"]
[Date "2018.08.05"]
[Round "9"]
[White "Marinov, Peter"]
[Black "Novotny, Josef"]
[Result "0-1"]
[WhiteElo "1716"]
[BlackElo "2036"]
[PlyCount "86"]
[EventDate "2018.07.28"]

1. d4 e6 2. e3 d6 3. Bd3 Nf6 4. c3 Nbd7 5. Nd2 c6 6. Qe2 b6 7. f4 Bb7 8. Ngf3
Qc7 9. O-O h6 10. e4 O-O-O 11. Ba6 Be7 12. a4 Rdg8 13. Bxb7+ Qxb7 14. c4 g5 15.
e5 Nh5 16. Ne4 Nxf4 17. Bxf4 gxf4 18. Nxd6+ Bxd6 19. exd6 Rg7 20. b4 Rhg8 21.
Rf2 c5 22. bxc5 bxc5 23. Ra2 Qc6 24. Ne5 Qxd6 25. Nxd7 Kxd7 26. d5 e5 27. Rb2
Rb8 28. Qh5 Rb4 29. Rxb4 cxb4 30. Re2 f6 31. Qxh6 Re7 32. Qh3+ Kc7 33. Qd3 Kb6
34. Rc2 Qc5+ 35. Kf1 e4 36. Qe2 Ka5 37. d6 Rd7 38. Rd2 Rxd6 39. Rxd6 Qxd6 40.
Qxe4 Kxa4 41. Qb1 b3 42. Qf5 Qd1+ 43. Kf2 Qc2+ 0-1

[Event "MCR senioru 2018 nad 60 let"]
[Site "Pelclovo divadlo Rychnov nad K"]
[Date "2018.08.05"]
[Round "9"]
[White "Vagner, Ladislav"]
[Black "Marek, Jiri"]
[Result "1-0"]
[WhiteElo "1928"]
[BlackElo "1907"]
[PlyCount "77"]
[EventDate "2018.07.28"]

1. d4 d5 2. Nf3 Nf6 3. c4 e6 4. Nc3 Be7 5. Bg5 h6 6. Bh4 O-O 7. e3 b6 8. cxd5
exd5 9. Bd3 Be6 10. Ne5 c5 11. Rc1 Nfd7 12. Bxe7 Qxe7 13. O-O Nxe5 14. dxe5 f6
15. exf6 Rxf6 16. Qh5 Qf7 17. Qh4 Nc6 18. Rcd1 Rd8 19. f4 Qe7 20. Bb5 Ne5 21.
f5 Bf7 22. Qg3 c4 23. Rd4 Kh8 24. Ba4 Nd3 25. b3 Nc5 26. Rg4 Bh5 27. Rh4 Nxa4
28. bxa4 Be8 29. e4 Qc5+ 30. Kh1 d4 31. e5 Rf7 32. Ne4 Qf8 33. f6 d3 34. Qe3
Rd5 35. fxg7+ Qxg7 36. Rxf7 Bxf7 37. Nf6 h5 38. Nxd5 Bxd5 39. Rxh5+ 1-0

[Event "MCR senioru 2018 nad 60 let"]
[Site "Pelclovo divadlo Rychnov nad K"]
[Date "2018.08.05"]
[Round "9"]
[White "Drabek, Miloslav"]
[Black "Becvar, Miroslav"]
[Result "1/2-1/2"]
[WhiteElo "2027"]
[BlackElo "1853"]
[PlyCount "49"]
[EventDate "2018.07.28"]

1. d4 e6 2. Nf3 d5 3. c4 Nf6 4. g3 c6 5. Nbd2 Nbd7 6. Bg2 b6 7. O-O Bd6 8. Qc2
O-O 9. e4 dxe4 10. Nxe4 Nxe4 11. Qxe4 Bb7 12. Bg5 Qc7 13. Rad1 Rfe8 14. Rfe1 h6
15. Be3 Rad8 16. Qc2 Be7 17. Bf4 Bd6 18. Bxd6 Qxd6 19. a3 c5 20. Qc3 Qc7 21.
dxc5 Nxc5 22. Nd4 Bxg2 23. Kxg2 Nb7 24. Kg1 a6 25. Nf3 1/2-1/2

[Event "MCR senioru 2018 nad 60 let"]
[Site "Pelclovo divadlo Rychnov nad K"]
[Date "2018.08.05"]
[Round "9"]
[White "Sedlacek, Jan"]
[Black "Vlacil, Vladimir"]
[Result "0-1"]
[WhiteElo "1860"]
[BlackElo "2007"]
[PlyCount "132"]
[EventDate "2018.07.28"]

1. e4 c5 2. Nf3 e6 3. d4 cxd4 4. Nxd4 a6 5. a3 Nf6 6. Nc3 Qc7 7. Be2 Nc6 8. O-O
Nxd4 9. Qxd4 Bc5 10. Qd3 O-O 11. Bg5 Be7 12. Be3 b5 13. f4 Bb7 14. Bf3 d5 15.
e5 Ne4 16. Bd4 Rfd8 17. Qe3 Rd7 18. Rfd1 Qc6 19. Rac1 Rad8 20. Ne2 Rc8 21. Kh1
a5 22. Nc3 Nxc3 23. Qxc3 Qxc3 24. Bxc3 Bxa3 25. Ra1 Bf8 26. Rxa5 b4 27. Bd4
Rxc2 28. h3 Rdc7 29. Kh2 Bc5 30. Rxc5 R7xc5 31. Bxc5 Rxc5 32. Rd4 Rb5 33. Be2
Rb6 34. Kg3 Kf8 35. Kf2 Ke7 36. Ke3 Kd7 37. Kd2 Kc6 38. Kc2 Kc5 39. Rd3 Ba6 40.
Rd2 Bxe2 41. Rxe2 Kc4 42. b3+ Kb5 43. Rf2 Rc6+ 44. Kb2 Rc3 45. f5 Rg3 46. fxe6
fxe6 47. Re2 d4 48. Rd2 Kc5 49. Rc2+ Rc3 50. Rf2 Kd5 51. Rf7 Rg3 52. Rb7 Rxg2+
53. Kc1 Kxe5 54. Rxb4 Ke4 55. Rc4 Kd3 56. Rc5 Re2 57. b4 Ra2 58. b5 Ra5 59. Kb2
Kd2 60. Kb3 d3 61. Kb4 Ra2 62. Re5 Kc1 63. Re1+ Kc2 64. Rxe6 d2 65. Rc6+ Kb1
66. Rd6 Kc1 0-1

[Event "MCR senioru 2018 nad 60 let"]
[Site "Pelclovo divadlo Rychnov nad K"]
[Date "2018.08.05"]
[Round "9"]
[White "Hastik, Svatopluk"]
[Black "Pavlis, Jaromir"]
[Result "1-0"]
[WhiteElo "2000"]
[BlackElo "1927"]
[PlyCount "81"]
[EventDate "2018.07.28"]

1. d4 d5 2. c4 e6 3. Nc3 Nf6 4. Bg5 Be7 5. e3 O-O 6. Nf3 h6 7. Bh4 c6 8. Rc1
dxc4 9. Bxc4 Nd5 10. Bxe7 Qxe7 11. O-O Nxc3 12. Rxc3 Nd7 13. Bb3 Rd8 14. Qe2 e5
15. Nxe5 Nxe5 16. dxe5 Qxe5 17. f4 Qf6 18. e4 Be6 19. e5 Qh4 20. Bxe6 fxe6 21.
g3 Qe7 22. Rd1 Rxd1+ 23. Qxd1 Rd8 24. Rd3 Qc5+ 25. Kg2 Rd5 26. Rxd5 cxd5 27.
Qa4 b5 28. Qa6 Qc2+ 29. Kh3 Qf5+ 30. g4 Qf7 31. Qc8+ Kh7 32. Kg3 Qg6 33. f5
exf5 34. Qxf5 Qxf5 35. gxf5 g5 36. Kg4 d4 37. Kf3 h5 38. Ke4 g4 39. Kxd4 h4 40.
Ke3 g3 41. hxg3 1-0

[Event "MCR senioru 2018 nad 60 let"]
[Site "Pelclovo divadlo Rychnov nad K"]
[Date "2018.08.05"]
[Round "9"]
[White "Tsapanidis, Vasilis"]
[Black "Salac, Jiri"]
[Result "1/2-1/2"]
[WhiteElo "1836"]
[BlackElo "1977"]
[PlyCount "73"]
[EventDate "2018.07.28"]

1. d4 d5 2. Nf3 c6 3. Nbd2 Nf6 4. g3 b6 5. Bg2 Bb7 6. O-O Nbd7 7. Re1 e6 8. c3
Be7 9. e4 dxe4 10. Nxe4 Nxe4 11. Rxe4 c5 12. Re1 cxd4 13. Qxd4 O-O 14. Be3 Nf6
15. Qxd8 Rfxd8 16. Rad1 Kf8 17. h3 Rac8 18. Nd4 Bxg2 19. Kxg2 Nd5 20. Nc2 Nxe3+
21. Nxe3 Bc5 22. Rxd8+ Rxd8 23. Rd1 Rxd1 24. Nxd1 f5 25. f4 Ke7 26. Kf3 Kf6 27.
b4 Bd6 28. b5 g5 29. Ne3 h5 30. Nc4 Bc7 31. Ke3 e5 32. fxe5+ Bxe5 33. Kf3 Ke6
34. Nxe5 Kxe5 35. Ke3 Kd5 36. Kd3 Ke5 37. Ke3 1/2-1/2

[Event "MCR senioru 2018 nad 60 let"]
[Site "Pelclovo divadlo Rychnov nad Kneznou, Panska ulice"]
[Date "2018.08.05"]
[Round "9"]
[White "Sedlak, Ludek"]
[Black "Divis, Libor"]
[Result "1-0"]
[WhiteElo "1898"]
[BlackElo "1843"]
[EventDate "2018.07.28"]
[PlyCount "83"]

1. e4 d6 2. d4 Nd7 3. Nf3 c6 4. Bc4 e6 5. a4 d5 6. exd5 cxd5 7. Bd3 Ngf6 8. Qe2
Be7 9. O-O Nf8 10. Ne5 Ng6 11. Nd2 Nf4 12. Bb5+ Kf8 13. Qf3 Ng6 14. c3 Bd6 15.
Qe2 a6 16. Bd3 Nf4 17. Qf3 Nxd3 18. Qxd3 h6 19. f4 g6 20. h3 Kg7 21. g4 Nd7 22.
Ndf3 Nf8 23. Rf2 f6 24. Bd2 fxe5 25. fxe5 Be7 26. Raf1 Bd7 27. h4 Bxa4 28. Ng5
hxg5 29. Rf7+ Kg8 30. Rxf8+ Qxf8 31. Qxg6+ Qg7 32. Qxe6+ Kh7 33. Rf7 Rhg8 34.
Qxe7 Qxf7 35. Qxf7+ Rg7 36. Qf5+ Kg8 37. Bxg5 Re8 38. e6 Rf8 39. Qxd5 Bc6 40.
Qe5 Bf3 41. d5 Bxg4 42. Bh6 1-0

[Event "MCR senioru 2018 nad 60 let"]
[Site "Pelclovo divadlo Rychnov nad Kneznou, Panska ulice"]
[Date "2018.08.05"]
[Round "9"]
[White "Majerik, Vladimir"]
[Black "Sveda, Jiri"]
[Result "1/2-1/2"]
[WhiteElo "1869"]
[BlackElo "1857"]
[EventDate "2018.07.28"]
[PlyCount "86"]

1. d4 f5 2. Bg5 Nf6 3. Bxf6 exf6 4. e3 d5 5. c3 c6 6. Bd3 Bd6 7. g3 O-O 8. Qc2
g6 9. Ne2 Be6 10. O-O Bf7 11. Nd2 Qe7 12. c4 Nd7 13. c5 Bc7 14. b4 Rac8 15. a4
Nb8 16. Rfb1 Be8 17. Qb3 Kg7 18. Nc3 Rf7 19. a5 a6 20. Qd1 h5 21. Qf3 Bd7 22.
Ne2 Rh8 23. h4 g5 24. Kh1 Kf8 25. Rg1 Qe6 26. Rae1 f4 27. gxf4 g4 28. Qg2 f5
29. Qg3 Bd8 30. Kg2 Bc8 31. Nc3 Nd7 32. Bb1 Qf6 33. Rh1 Be7 34. Nb3 Ke8 35. Nc1
Nf8 36. Rh2 Ng6 37. Reh1 Bf8 38. Nd3 Bh6 39. Ne5 Nxe5 40. dxe5 Qe7 41. Ne2 Rhf8
42. Nd4 Bg7 43. Rd1 Be6 1/2-1/2

[Event "MCR senioru 2018 nad 60 let"]
[Site "Pelclovo divadlo Rychnov nad Kneznou, Panska ulice"]
[Date "2018.08.05"]
[Round "9"]
[White "Jindrasek, Mojmir"]
[Black "Kubala, Karel"]
[Result "0-1"]
[WhiteElo "1789"]
[BlackElo "1932"]
[EventDate "2018.07.28"]
[PlyCount "170"]

1. d4 Nf6 2. c4 b6 3. Nc3 Bb7 4. Bg5 d6 5. f3 Nbd7 6. e4 e5 7. Be3 exd4 8. Bxd4
g6 9. Bd3 Bg7 10. Nge2 O-O 11. O-O Ne5 12. Qd2 Re8 13. Rad1 Nfd7 14. b3 Nc5 15.
Bc2 Ne6 16. Be3 f6 17. Nd4 a6 18. Nxe6 Rxe6 19. Nd5 Nc6 20. Nf4 Re7 21. Nd5 Rd7
22. Nf4 Qe8 23. Nd3 a5 24. Nf4 Qf7 25. Qd5 Nd8 26. Qxf7+ Rxf7 27. Nd5 Nc6 28.
Bb1 Re8 29. Rfe1 Kf8 30. a3 Ba6 31. Bd3 Ne5 32. Bf1 Bc8 33. b4 axb4 34. axb4 f5
35. exf5 Bxf5 36. c5 bxc5 37. bxc5 c6 38. Nb6 d5 39. Bf2 Ra7 40. Bg3 Kf7 41. f4
Nd7 42. Rxe8 Kxe8 43. Nc8 Ra4 44. Nd6+ Kf8 45. Nxf5 gxf5 46. Bd3 Rd4 47. Bf2
Rxf4 48. g3 Rf3 49. Kg2 Ne5 50. Bc2 h6 51. Bd4 Ra3 52. Bxf5 Ra2+ 53. Bf2 Kf7
54. Rc1 Kf6 55. Rc2 Rxc2 56. Bxc2 Nd7 57. Kf3 Ke6 58. g4 Ne5+ 59. Kf4 Nf7 60.
Bf5+ Ke7 61. h4 Be5+ 62. Ke3 Bh2 63. Kd4 Kf6 64. Kd3 Ne5+ 65. Kd4 h5 66. Be3
hxg4 67. Bc8 Nf3+ 68. Kd3 Kg6 69. Ke2 Ne5 70. Kf2 Kh5 71. Kg2 Nc4 72. Bd4 Be5
73. Bxe5 Nxe5 74. Kg3 d4 75. Kf4 d3 76. Ba6 d2 77. Be2 Nf3 78. Kg3 Ne5 79. Bd1
Kh6 80. Kf2 Nd3+ 81. Kg3 Nb2 82. Bxg4 d1=Q 83. Bxd1 Nxd1 84. Kf4 Nc3 85. Ke5
Nb5 0-1

[Event "MCR senioru 2018 nad 60 let"]
[Site "Pelclovo divadlo Rychnov nad Kneznou, Panska ulice"]
[Date "2018.08.05"]
[Round "9"]
[White "Tomalak, Stanislaw"]
[Black "Kohout, Jan"]
[Result "1/2-1/2"]
[WhiteElo "1623"]
[BlackElo "1914"]
[EventDate "2018.07.28"]
[PlyCount "42"]

1. Nf3 c5 2. g3 e6 3. d3 d5 4. Nbd2 Nc6 5. e4 g6 6. Bg2 Bg7 7. O-O Nge7 8. Re1
O-O 9. c3 b6 10. Qe2 Ba6 11. e5 Rc8 12. Nf1 h6 13. h4 Kh7 14. Bf4 Nf5 15. Rad1
d4 16. c4 Bb7 17. N1h2 h5 18. Ng5+ Kg8 19. Nhf3 Nh6 20. Ne4 Ba8 21. Nd6 Rc7
1/2-1/2